| 000 | 00670cam a22002291 4500 | ||
|---|---|---|---|
| 001 | ne 67002045 | ||
| 003 | DLC | ||
| 005 | 20260227111835.0 | ||
| 008 | 890125s1966 ua b 000 0 arar | ||
| 010 | _ane 67002045 | ||
| 035 | _a(OCoLC)19062851 | ||
| 040 |
_aDLC _cWaU _dDLC |
||
| 042 | _apremarc | ||
| 043 | _af-ua--- | ||
| 050 | 0 | 0 |
_aPJ7580 _b.I2 |
| 100 | 1 | _aIbrāhīm, Nabīlah. | |
| 245 | 1 | 0 |
_aAshkāl al-taʻbīr fī al-adab al-shaʻbī, _ctaʻlīf Nabīlah Ibrāhīm. |
| 260 |
_aal-Qāhirah, _bDār Nahḍah Miṣr _c[1966] |
||
| 300 |
_a196 p. _c24 cm. |
||
| 504 | _aBibliographical footnotes. | ||
| 650 | 0 |
_aFolk literature, Arabic _xHistory and criticism. |
|
| 999 |
_c49900 _d49900 |
||